| 000 | 00387nam a2200133Ia 4500 | ||
|---|---|---|---|
| 008 | 231017s9999 xx 000 0 und d | ||
| 082 | _a624.1834 | ||
| 082 | _bLAW | ||
| 245 | 0 | _aMechanical properties of high performance concrete after exposure to elevated temperatures | |
| 245 | 0 | _cUS Department of Commerce | |
| 260 | _bUS Department of Commerce | ||
| 300 | _c30cm | ||
| 942 | _cREP | ||
| 999 |
_c605607 _d605607 |
||